Globalizace pod americkou taktovkou (Změní se to po 11. zaří?)

Vplyv americkej podnikateľskej filozofie na európskych manažérov. Názory významných topmanažérov na zmeny v biznise po 11. septembri.

Saved in:
Bibliographic Details
Format: Book Chapter
Language:Czech
Subjects:
Tags: Add Tag
No Tags, Be the first to tag this record!

MARC

LEADER 00000naa a2200000 4500
001 r044560
005 20231002103926.5
041 0 |a cze 
044 |a CZ 
245 1 0 |a Globalizace pod americkou taktovkou (Změní se to po 11. zaří?) 
520 |a Vplyv americkej podnikateľskej filozofie na európskych manažérov. Názory významných topmanažérov na zmeny v biznise po 11. septembri. 
610 2 0 |a politika podnikania 
610 2 0 |a USA 
610 2 0 |a Európa 
610 2 0 |a manažéri 
610 2 0 |a metódy riadenia